| 000 | 01938cam a22004335i 4500 | ||
|---|---|---|---|
| 999 |
_c28451 _d28422 |
||
| 001 | 14196951 | ||
| 003 | EG-ScBUE | ||
| 005 | 20200812142710.0 | ||
| 008 | 051212t20062006mauab f b 001 0 eng d | ||
| 020 | _a0125515030 (alk. paper) | ||
| 020 | _a9780125515030 (alk. paper) | ||
| 035 | _a(OCoLC)ocm62615847 | ||
| 040 |
_aDLC _beng _erda _cDLC _dBAKER _dC#P _dDLC _dEG-ScBUE |
||
| 082 | 0 | 4 |
_a628 _bENV _222 |
| 245 | 0 | 0 |
_aEnvironmental & pollution science / _ceditors, Ian L. Pepper, professor of environmental microbiology, the University of Arizona, Tucson, Charles P. Gerba, professor of environmental microbiology, the University of Arizona, Tucson, Mark L. Brusseau, professor of subsurface hydrology and environmental chemistry, the University of Arizona, Tucson ; photography & technical editor, K. L. Josephson ; copy editor, E. R. Loya. |
| 246 | 1 | 4 | _aEnvironmental and pollution science |
| 250 | _aSecond edition. | ||
| 264 | 1 |
_aBurlington, MA : _bAcademic Press, _c[2006] |
|
| 264 | 4 | _cc2006 | |
| 300 |
_axx, 532 pages : _billustrations (chiefly color), maps (chiefly color) ; _c29 cm |
||
| 336 |
_atext _btxt _2rdacontent |
||
| 337 |
_aunmediated _bn _2rdamedia |
||
| 338 |
_avolume _bnc _2rdacarrier |
||
| 500 | _aRev. ed. of Pollution science. 1996. | ||
| 504 | _aIncludes bibliographical references and index. | ||
| 650 | 7 |
_aPollution. _2BUEsh |
|
| 650 | 7 |
_aEnvironmental sciences. _2BUEsh |
|
| 653 |
_bENGCHE _cJuly2020 |
||
| 655 |
_vText book _933728 |
||
| 700 | 1 |
_aPepper, Ian L., _eeditor. |
|
| 700 | 1 |
_aGerba, Charles P., _d1945- _eeditor. |
|
| 700 | 1 |
_aBrusseau, Mark L., _eeditor. |
|
| 700 | 1 |
_aJosephson, K. L., _eeditor. |
|
| 700 | 1 |
_aLoya, E. R., _eeditor. |
|
| 730 | 0 | _aPollution science. | |
| 856 | 4 | 1 |
_3Table of contents only _uhttp://www.loc.gov/catdir/toc/ecip065/2005035422.html |
| 856 | 4 | 2 |
_3Publisher description _uhttp://www.loc.gov/catdir/enhancements/fy0632/2005035422-d.html |
| 942 |
_2ddc _cBB |
||